| 000 | 00741nam a2200229Ia 4500 | ||
|---|---|---|---|
| 001 | 8876 | ||
| 003 | GE_BSU | ||
| 008 | 181216s||||||||xx |||||||||||||| ||und|| | ||
| 040 | _cGE_BSU | ||
| 080 | _a821.353.1–31 | ||
| 100 | _aკუსრაშვილი,ამირან | ||
| 245 | _aსადაც არ უნდა იქუხოს. ნაწ.1 | ||
| 245 | _bრომანი | ||
| 245 | _cრედ.ო.ნოდია;მხატვ.ლ. ცუცქირიძე | ||
| 260 | _aთბილისი | ||
| 260 | _bმერანი | ||
| 260 | _c1969 | ||
| 300 | _a303გვ.20სმ.ილ. | ||
| 653 | _aრომანი | ||
| 653 | _aსადაც არ უნდა იქუხოს. | ||
| 942 | _cBK | ||
| 999 |
_c42183 _d42183 |
||